[Event "Marianske Lazne Open 2013"]
[Site "Marianske Lazne CZE"]
[Date "2013.01.24"]
[Round "7.19"]
[White "Anjali,P"]
[Black "Vavra,P2"]
[Result "0-1"]
[WhiteElo "1842"]
[BlackElo "2094"]

1.e4 c5 2.Nf3 e6 3.d4 cxd4 4.Nxd4 a6 5.Bd3 Qc7 6.O-O Nc6 7.Nxc6 bxc6 8.c4 Nf6
9.Nc3 Be7 10.Be3 d6 11.f4 Bb7 12.Na4 c5 13.Nc3 Rd8 14.f5 exf5 15.Rxf5 O-O
16.Nd5 Nxd5 17.exd5 Bc8 18.Rf1 f5 19.Qc2 g6 20.Bh6 Rf7 21.g4 Bf8 22.Bxf8 Rdxf8
23.gxf5 Bxf5 24.Bxf5 Rxf5 25.Rxf5 Rxf5 26.Rf1 Rg5+ 27.Kh1 Qe7 28.Rg1 Re5
29.Qd3 Re3 30.Qf1 Qe4+ 31.Qg2 Qxc4 32.Rf1 Re5 33.Qf3 Rf5  0-1

[Event "6th Gora Sw Anny OpA"]
[Site "Gora Swietej Anny POL"]
[Date "2013.01.26"]
[Round "1.1"]
[White "Mista,A"]
[Black "Szotkowski,J"]
[Result "1/2-1/2"]
[WhiteElo "2558"]
[BlackElo "2131"]

1.e4 c5 2.Nf3 e6 3.d4 cxd4 4.Nxd4 a6 5.Bd3 Qc7 6.O-O Nf6 7.Qe2 Nc6 8.Nxc6 dxc6
9.e5 Nd7 10.Bf4 Nc5 11.Nd2 Nxd3 12.Qxd3 f5 13.Nc4 b5 14.Nd6+ Bxd6 15.exd6 Qf7
16.Qc3 Bd7 17.Rfe1 O-O 18.b4 h6 19.Be5 Kh7 20.a4 g5 21.Qc5 g4 22.g3 h5 23.Ra3 h4
24.Rea1 h3 25.axb5 cxb5 26.Rxa6 Rxa6 27.Rxa6 Rc8 28.Qe3 Rxc2 29.Ra7 Kg6 30.Kf1 Qe8
31.Bf4 e5 32.Qd3 Rc4 33.Bd2 Rd4 34.Qe3 f4 35.gxf4 Rxf4 36.Rc7 Be6 37.Qa7 Rf7
38.Qe3 Rf4 39.Bc3 Qa8 40.Rg7+ Kh6 41.Bxe5 Qg2+ 42.Ke2 Bc4+ 43.Kd2 Qxf2+ 44.Qxf2 Rxf2+
45.Ke3 Re2+ 46.Kd4 Rd2+ 47.Ke4 Rxd6 48.Rxg4 Be6 49.Bf4+ Kh5 50.Rg5+ Kh4 51.Rxb5 Rd1
52.Rb6 Bd7 53.Rh6+ Kg4 54.Rg6+ Kh5 55.Rg5+ Kh4 56.Rg7 Bc6+ 57.Kf5 Rd5+ 58.Be5 Bd7+
59.Rxd7 Rxd7 60.Ke6 Rd1 61.Bd6 Kg4 62.Kd7 Kf3 63.b5 Kg2 64.b6 Rxd6+ 65.Kxd6 Kxh2  1/2-1/2

[Event "6th Gora Sw Anny OpA"]
[Site "Gora Swietej Anny POL"]
[Date "2013.01.27"]
[Round "3.5"]
[White "Dobrowolski,P"]
[Black "Szotkowski,J"]
[Result "1-0"]
[WhiteElo "2417"]
[BlackElo "2131"]

1.e4 c5 2.Nf3 e6 3.d4 cxd4 4.Nxd4 a6 5.Bd3 Nf6 6.O-O Qc7 7.Qe2 Bc5 8.Nb3 Be7
9.e5 Nd5 10.c4 Nb4 11.Bf4 Nxd3 12.Qxd3 Nc6 13.Nc3 b6 14.Ne4 Bb7 15.Rfd1 Rd8
16.Nd6+ Bxd6 17.exd6 Qb8 18.Qg3 Kf8 19.c5 b5 20.Qh4 f6 21.Rd3 Kf7 22.Qh5+ g6
23.Qh4 e5 24.Bd2 Rde8 25.f4 e4 26.Bc3 Qd8 27.Rg3 b4 28.Bd4 h5 29.Re3 a5 30.a4 Nxd4
31.Nxd4 f5 32.Qxd8 Rxd8 33.b3 Bc6 34.h4 Rc8 35.Rc1 Rhg8 36.Kf2 Kf6 37.Re2 Rgd8
38.Ke3 Rb8 39.Rd2 Rdc8 40.Nc2 Ba8 41.Kd4 Bc6 42.Ne3 Ra8 43.Rh1 Rh8 44.Rh3 Rhg8
45.Rg3 Rg7 46.Rd1 Rgg8 47.Rg5 Rab8 48.Nc4 Ra8 49.Re1 Rg7 50.Re3 Bb7 51.Reg3 Bc6
52.Ne5 Rag8 53.Kc4 Ke6 54.Nxg6 Bd5+ 55.Kd4 Bxb3 56.Ne7  1-0

[Event "6th Gora Sw Anny OpA"]
[Site "Gora Swietej Anny POL"]
[Date "2013.01.28"]
[Round "4.9"]
[White "Cukrowski,F"]
[Black "Sliwicka,Alicja"]
[Result "1-0"]
[WhiteElo "2177"]
[BlackElo "1772"]

1.e4 c5 2.Nf3 e6 3.d4 cxd4 4.Nxd4 a6 5.Bd3 Ne7 6.c4 Nbc6 7.Nb3 g6 8.Nc3 Bg7
9.O-O O-O 10.Be2 f5 11.exf5 Nxf5 12.Bf4 d6 13.Qd2 h6 14.Bd3 e5 15.Be3 Be6
16.Rad1 Nce7 17.Rfe1 Rc8 18.Be4 Qc7 19.Nd5 Bxd5 20.cxd5 b6 21.f3 g5 22.Bf2 Ng6
23.Rc1 Qb7 24.Rxc8 Qxc8 25.Rc1 Qb8 26.Rc6 b5 27.Rxa6 Nf4 28.Rb6 Qc8 29.Rc6 Qd7
30.Qc2 Nh4 31.Rc7 Qe8 32.Bxh4 gxh4 33.Na5 Qa8 34.b4 Qb8 35.Rb7 Qc8 36.Qxc8 Rxc8
37.Nc6 Ra8 38.Ra7 Rxa7 39.Nxa7 Ne2+ 40.Kf1 Nc3 41.a3 h5 42.Bd3 Nxd5 43.Nxb5 Nf4
44.Bc4+ d5 45.Bb3 Kf8 46.g3 hxg3 47.hxg3 Ne6 48.Bxd5 Nd4 49.Nxd4 exd4 50.f4 Bf6
51.a4 Be7 52.b5 Bd8 53.Ke2 Kg7 54.Kd3 Bb6 55.Kc4 Kf6 56.Be4 Ke6 57.Bg6 d3
58.Kxd3 Bf2 59.Bxh5 Bxg3 60.Ke4 Be1 61.f5+ Kf6 62.Bg6 Ke7 63.Kd5 Bc3 64.Kc6 Kd8
65.b6 Kc8 66.Kb5 Bf6 67.a5 Kb8 68.a6 Ka8 69.Kc6 Kb8 70.Be8 Bd4 71.Kb5  1-0

[Event "6th Gora Sw Anny OpA"]
[Site "Gora Swietej Anny POL"]
[Date "2013.01.31"]
[Round "7.6"]
[White "Klymchuk,Andriy"]
[Black "Szotkowski,J"]
[Result "1-0"]
[WhiteElo "2127"]
[BlackElo "2131"]

1.e4 c5 2.Nf3 e6 3.d4 cxd4 4.Nxd4 a6 5.Bd3 Nf6 6.O-O Qc7 7.Nc3 Nc6 8.Nxc6 bxc6
9.f4 d5 10.Kh1 d4 11.Nb1 Bb7 12.Qe2 Be7 13.Nd2 h5 14.Nc4 h4 15.Bd2 c5 16.Rae1 h3
17.g3 Nd7 18.Kg1 O-O-O 19.Na5 Nb8 20.a3 g5 21.fxg5 Rh7 22.Qg4 Nd7 23.Nxb7 Kxb7
24.e5 Rg7 25.b3 Nxe5 26.Qe4+ Nc6 27.g6 fxg6 28.Bh6 Rgg8 29.Rf7 e5 30.b4 cxb4
31.axb4 Kb6 32.Rb1 Na7 33.c4 Nc6 34.c5+ Ka7 35.b5 axb5 36.Ra1+ Kb8 37.Ra6 Na7
38.Bf4 Qxc5 39.Bxe5+ Kc8 40.Rxa7 Rd5 41.Qg4+  1-0

[Event "ch-TUR 2013"]
[Site "Antalya TUR"]
[Date "2013.02.02"]
[Round "1.25"]
[White "Yelken,Mustafa"]
[Black "Aksoy,Ayca"]
[Result "1-0"]
[WhiteElo "2130"]
[BlackElo "1707"]

1.e4 c5 2.Nf3 e6 3.d4 cxd4 4.Nxd4 a6 5.Bd3 Nf6 6.O-O Qc7 7.Qe2 d6 8.Nc3 Nbd7
9.Nb3 Be7 10.Bf4 b5 11.a3 Bb7 12.Bg3 O-O 13.f4 e5 14.Kh1 Rfe8 15.Rae1 Bf8
16.fxe5 dxe5 17.Bh4 Be7 18.Qf3 Rf8 19.Nd1 Qb6 20.Ne3 Kh8 21.Nf5 Bd8 22.Bf2 Qc6
23.Bh4 Qb6 24.Bf2 Qc6 25.Bh4 Qe6 26.h3 Rc8 27.Bf2 Ng8 28.Ne3 Ne7 29.Bh4 f5
30.Bxe7 Bxe7 31.exf5 Qb6 32.Be4 Bxe4 33.Qxe4 Bf6 34.Rd1 Nc5 35.Nxc5 Qxc5
36.c3 Rfd8 37.Ng4 Qc4  1-0

[Event "TCh-AUT 2 East 2012-13"]
[Site "Austria AUT"]
[Date "2013.02.02"]
[Round "6.5"]
[White "Kleiser,G"]
[Black "Zwettler,M"]
[Result "1-0"]
[WhiteElo "2286"]
[BlackElo "2201"]

1.d4 e6 2.e4 c5 3.Nf3 cxd4 4.Nxd4 a6 5.Bd3 Nc6 6.Nxc6 dxc6 7.Nd2 e5 8.Nc4 Be6
9.Bd2 Bxc4 10.Bxc4 Nf6 11.Qf3 Bd6 12.O-O-O Qe7 13.Bg5 Rd8 14.Rd3 h6 15.Bxf6 Qxf6
16.Qxf6 gxf6 17.Rhd1 Be7 18.Rxd8+ Bxd8 19.Kd2 Rg8 20.g3 Bb6 21.Ke2 Rg7 22.Rd3 Bd4
23.Rb3 b5 24.Bd3 Kd7 25.Ra3 Bxb2 26.Rxa6 Bd4 27.Ra8 Rh7 28.c4 bxc4 29.Bxc4 Kd6
30.Bb3 Kc5 31.Rc8 Kb6 32.Ba4 c5 33.Rc6+ Ka5 34.Bb3 Kb4 35.Bd5 h5 36.Rb6+ Ka5
37.Rxf6 h4 38.Bc4 Kb4 39.Kd3 Ka3 40.g4 h3 41.Bxf7 Rg7 42.f3 Bg1 43.Kc3 Bd4+
44.Kc2 c4 45.Bxc4 Rc7 46.Kd3 Kb4 47.Rf8 Ba7 48.Rf7 Rxf7 49.Bxf7 Bg1 50.g5 Bxh2
51.g6 Bf4 52.g7 h2 53.g8=Q h1=Q 54.Qb8+ Ka5 55.Qa7+ Kb5 56.Be8+ Kb4 57.Qb6+  1-0

[Event "ch-TUR 2013"]
[Site "Antalya TUR"]
[Date "2013.02.03"]
[Round "3.15"]
[White "Ertan,C"]
[Black "Korkmaz,T"]
[Result "1-0"]
[WhiteElo "2281"]
[BlackElo "1948"]

1.e4 c5 2.Nf3 e6 3.d4 cxd4 4.Nxd4 a6 5.Bd3 Nc6 6.Nxc6 bxc6 7.O-O Bc5 8.Nd2 d6
9.c4 e5 10.Nb3 Ba7 11.c5 d5 12.exd5 cxd5 13.Qe2 Bb8 14.f4 Qe7 15.fxe5 Bxe5
16.Re1 Bc7 17.Bg5 Qxe2 18.Rxe2+ Kf8 19.Rae1 f6 20.Re8+ Kf7 21.Bd2 Be5 22.Rd8 Ke7
23.Rxe5+ Kxd8 24.Ba5+ Kd7 25.Bf5+ Kc6 26.Re8 Nh6 27.Nd4+ Kxc5 28.Rxh8 Bxf5
29.Nb3+ Kc6 30.Rxa8 Bd3 31.Rc8+ Kd6 32.Rd8+ Kc6 33.Nd4+ Kc5 34.Ne6+ Kc6 35.Nxg7 Nf7
36.Rc8+ Kd6 37.Rc3 Be4 38.Bc7+ Kd7 39.Bf4 Ne5 40.Nh5 Ke6 41.Be3 Nc4 42.Bd4 f5
43.Nf4+ Kd6 44.Rh3 a5 45.Rh6+ Kd7 46.Rxh7+ Kd6 47.Rh6+ Kd7 48.Ra6 Bb1 49.b3  1-0

[Event "ch-HUN U20 g 2013"]
[Site "Budapest HUN"]
[Date "2013.02.05"]
[Round "2.5"]
[White "Haszon,K"]
[Black "Gal,Han"]
[Result "1-0"]
[WhiteElo "1954"]
[BlackElo "2060"]

1.e4 c5 2.Nf3 e6 3.d4 cxd4 4.Nxd4 a6 5.Bd3 Nf6 6.O-O Qc7 7.Qe2 d6 8.c4 g6
9.Nc3 Bg7 10.Rd1 Nbd7 11.Nf3 O-O 12.Bf4 Nh5 13.Bg5 h6 14.Be3 b6 15.Qd2 Bb7
16.Bxh6 Ne5 17.Nxe5 dxe5 18.Rac1 Rad8 19.Bxg7 Kxg7 20.Qe3 Nf4 21.Bf1 Rh8
22.Na4 Qe7 23.Nxb6 Rxd1 24.Rxd1 Qg5 25.Qg3 Qh5 26.Re1 Rd8 27.Qc3 Qg5 28.g3 Rh8
29.c5 Bc6 30.Nc4 f6 31.Qa5 Bb5 32.Qc7+ Kg8 33.Rd1 Nd5 34.exd5 Qh5 35.Qd8+ Kg7
36.Qe7+ Kg8 37.Qxe6+ Kg7 38.Qe7+ Kg8 39.h4 Qxd1 40.Ne3 Qd2 41.Bxb5 axb5 42.c6 Rh7
43.Qd8+ Kg7 44.c7 Qc1+ 45.Kg2 Rh8 46.Qd7+ Kh6 47.Ng4+ Kh5 48.Nxf6+ Kh6 49.g4 g5
50.Nh5 Rg8 51.Qe6+ Rg6 52.c8=Q  1-0

[Event "FSGM February 2013"]
[Site "Budapest HUN"]
[Date "2013.02.06"]
[Round "5.5"]
[White "Hujbert,F"]
[Black "Nguyen Huynh Minh Huy"]
[Result "1/2-1/2"]
[WhiteElo "2427"]
[BlackElo "2439"]

1.e4 c5 2.Nf3 e6 3.d4 cxd4 4.Nxd4 a6 5.Bd3 Qc7 6.O-O Nf6 7.Nd2 d6 8.Kh1 g6
9.a4 Bg7 10.N4b3 O-O 11.a5 Nbd7 12.f4 Re8 13.Qe1 e5 14.f5 d5 15.Qh4 Qd8 16.fxg6 hxg6
17.Qf2 Nf8 18.Ra4 Bd7 19.Rb4 Bc6 20.exd5 Bxd5 21.Ne4 N8h7 22.Bd2 Rc8 23.Nbc5 Rc7
24.Rb6 Bc6 25.Nxf6+ Qxf6 26.Qe2 Qh4 27.Ne4 Rd8 28.Rb4 Qe7 29.Rc4 f5 30.Bb4 Qe6
31.Nc5 Qf7 32.Rh4 Bd5 33.c4 Bc6 34.Bc2 Bf6 35.Rh3 Rd4 36.Rg3  1/2-1/2

[Event "ch-TUR 2013"]
[Site "Antalya TUR"]
[Date "2013.02.07"]
[Round "9.20"]
[White "Gucin,Z"]
[Black "Menzi,N"]
[Result "1/2-1/2"]
[WhiteElo "2120"]
[BlackElo "1872"]

1.e4 c5 2.Nf3 e6 3.d4 cxd4 4.Nxd4 a6 5.Bd3 Qc7 6.O-O Nf6 7.c4 d6 8.Nc3 Be7
9.Be3 Nbd7 10.Rc1 b6 11.b4 Bb7 12.f3 O-O 13.Rf2 Rac8 14.Rb2 Rfd8 15.Bf1 Qb8
16.a4 Bf8 17.Kh1 d5 18.exd5 exd5 19.Nxd5 Bxd5 20.cxd5 Nxd5 21.Bg1 Ne5 22.Rxc8 Qxc8
23.Qe2 Bd6 24.Qxa6 Qxa6 25.Bxa6 Nxb4 26.Be2 Bc5 27.Nb3 Ned3 28.Bxd3 Nxd3
29.Rb1 Kf8 30.a5  1/2-1/2

[Event "Asian Zonal 3.2 2013"]
[Site "Thulhiriya City PHI"]
[Date "2013.02.07"]
[Round "7.5"]
[White "Kavinda,A"]
[Black "Kalugampitiya,R"]
[Result "1-0"]
[WhiteElo "1987"]
[BlackElo "2146"]

1.e4 c5 2.Nf3 e6 3.d4 cxd4 4.Nxd4 a6 5.Bd3 Qc7 6.O-O b5 7.Qe2 Bb7 8.f4 Bc5
9.Be3 Nf6 10.Nd2 d6 11.Rac1 Qb6 12.c3 e5 13.fxe5 dxe5 14.b4 Bxd4 15.cxd4 exd4
16.Bg5 Nbd7 17.e5 Nd5 18.Qh5 g6 19.Qh6 Ne3 20.Qg7 Rf8 21.Ne4 Bxe4  1-0

[Event "17th Lienz Open 2013"]
[Site "Lienz AUT"]
[Date "2013.02.10"]
[Round "2.10"]
[White "Schwarhofer,C"]
[Black "Granabetter,J"]
[Result "1-0"]
[WhiteElo "2285"]
[BlackElo "1961"]

1.e4 c5 2.Nf3 e6 3.d4 cxd4 4.Nxd4 a6 5.Bd3 Nf6 6.O-O Qc7 7.Nc3 b5 8.a3 Bb7
9.Qe2 Nc6 10.Nb3 Ne5 11.f4 Ng6 12.Kh1 Be7 13.Bd2 h5 14.e5 Nh4 15.Rg1 Ng4
16.Ne4 Nf5 17.Rac1 Bxe4 18.Bxe4 Bc5 19.Rgf1 Ng3+ 20.hxg3 h4 21.Qxg4 hxg3+
22.Qh3 Rxh3+ 23.gxh3 O-O-O 24.c4 b4 25.axb4 Bf2 26.b5 Rh8 27.Kg2 Kb8 28.Bb4 Qd8
29.Bd6+ Ka7 30.Ra1  1-0

[Event "ch-ROU 2013"]
[Site "Baile Olanesti ROU"]
[Date "2013.02.16"]
[Round "1.50"]
[White "Salageanu,P"]
[Black "Ciocan,Maria-Alexandra"]
[Result "1-0"]
[WhiteElo "2111"]
[BlackElo "1575"]

1.e4 c5 2.Nf3 e6 3.d4 cxd4 4.Nxd4 a6 5.Bd3 Ne7 6.O-O Nbc6 7.c3 d5 8.Nxc6 Nxc6
9.Qe2 Be7 10.Nd2 O-O 11.Nf3 d4 12.cxd4 Nxd4 13.Nxd4 Qxd4 14.Be3 Qf6 15.f4 e5
16.f5 Bd7 17.g4 h6 18.Rf3 Qh4 19.Kh1 Bg5 20.Rg1 Bxe3 21.Qxe3 Bb5 22.Bxb5 axb5
23.a3 Rac8 24.g5 Rc6 25.Rh3 Qf4 26.Qxf4 exf4 27.gxh6 g6 28.Rf3 Kh7 29.Rxf4 Kxh6
30.fxg6 Rxg6 31.Rf5 Rb6 32.Rf3 Rg6 33.Rxg6+ Kxg6 34.Rb3 Re8 35.Rxb5 Rxe4
36.Rxb7 Re1+ 37.Kg2 Re2+ 38.Kg3 Re3+ 39.Kf2 Rd3 40.Re7 Kf6 41.Re3 Rd2+ 42.Re2 Rd7
43.b4 Rd3 44.Re3 Rd2+ 45.Kg3 Rd5 46.h4 Rd1 47.Rb3 Rg1+ 48.Kh2 Rg4 49.Kh3 Rg1
50.b5 Rh1+ 51.Kg3 Rg1+ 52.Kh2 Rc1 53.b6 Rc2+ 54.Kg3 Rc8 55.b7 Rb8 56.a4 Ke7
57.a5 Kd7 58.a6 Kc7 59.Kf4 Kc6 60.h5 Kc7 61.h6 f6 62.Kf5 Kc6 63.h7 Kc7 64.Kxf6 Rf8+
65.Kg7 Rb8 66.h8=Q  1-0

[Event "TCh-CZE Extraliga 2012-13"]
[Site "Czech Republic CZE"]
[Date "2013.02.17"]
[Round "6.3"]
[White "Yemelin,V"]
[Black "Antoniewski,R"]
[Result "1/2-1/2"]
[WhiteElo "2574"]
[BlackElo "2557"]

1.e4 c5 2.Nf3 e6 3.d4 cxd4 4.Nxd4 a6 5.Bd3 Bc5 6.Nb3 Ba7 7.Qe2 Nc6 8.Be3 d6
9.O-O Nf6 10.c4 e5 11.Nc3 Be6 12.Bxa7 Rxa7 13.Qe3 O-O 14.Rfd1 Qb8 15.Rd2 Rd8
16.Rad1 b6 17.Be2 h6 18.f4 exf4 19.Qxf4 Rad7 20.Nd4 Ne5 21.b3 Qb7 22.h3 Ng6
23.Qe3 Re8 24.Rf1 Qc7 25.Rxf6 gxf6 26.Qxh6 Qc5 27.Nd5 Bxd5 28.b4 Qxd4+ 29.Rxd4 Bxe4
30.Bh5 Bf5 31.Qd2 Kg7 32.Rxd6 Rxd6 33.Qxd6 Re6 34.Qd2 Ne5 35.Be2 Rc6 36.Qd4 Be6
37.a3 Nxc4 38.Kh2 b5 39.Bf3 Rd6 40.Qc3 Rd2 41.h4 Ra2 42.h5 Ne5 43.Kg3 Nxf3
44.gxf3 Re2 45.f4 Re4 46.Qd3 Re1 47.h6+ Kxh6 48.f5 Re5 49.fxe6 Rxe6 50.Kf4 Kg7
51.Qd8 Re5 52.Qa8 Re6 53.Qc8 Rd6 54.Ke4 Re6+ 55.Kf3 Rd6 56.Ke3 Re6+ 57.Kf2 Rd6
58.Qg4+ Kf8 59.Qh3 Re6 60.Qh8+ Ke7 61.Qc8 f5 62.Qc3 f4 63.Qd4 f3 64.Kxf3 Rf6+
65.Ke4 Re6+ 66.Kf5 Rg6 67.Qc5+ Ke8 68.Qe3+ Kf8 69.Qe5 Kg8 70.Qe8+ Kg7 71.Ke5 Rh6
72.Kd5 Rg6 73.Qe5+ Kg8 74.Qb8+ Kg7 75.Qf4 Kg8 76.Qe5 Rh6 77.Qb8+ Kg7 78.Qe5+ Kg8
79.Qg5+ Rg6 80.Qe7 Kg7 81.Ke5 Kg8 82.Kf5 Kg7 83.Qe5+ Kg8 84.a4 bxa4 85.Qe8+ Kg7
86.Qxa4 Rf6+ 87.Ke5 Rg6 88.Qa1 Re6+ 89.Kd5+ Kg8 90.Kc4 Rc6+ 91.Kb3 Re6 92.Ka4 Rg6
93.Ka5 Re6 94.Qg1+ Kh7 95.Qd4 Rg6 96.Qe5 Kg8 97.Qe8+ Kg7 98.Qc8 Re6 99.Qc3+ Kh7
100.Qd4 Rg6 101.Ka4 Kg8 102.Kb3 Re6 103.Qg4+ Rg6 104.Qh5 Kg7 105.Kc4 Rc6+
106.Kd4 Rd6+ 107.Ke4 Re6+ 108.Kd5 Rg6 109.Qe5+ Kg8 110.Qe8+  1/2-1/2

[Event "TCh-HUN 2012-13"]
[Site "Kecskemet HUN"]
[Date "2013.02.17"]
[Round "7"]
[White "Bagi,M"]
[Black "Nestorovic,De"]
[Result "0-1"]
[WhiteElo "2334"]
[BlackElo "2438"]

1.e4 c5 2.Nf3 e6 3.d4 cxd4 4.Nxd4 a6 5.Bd3 Bc5 6.Nb3 Be7 7.Qg4 Bf6 8.Nc3 Qc7
9.Bd2 d6 10.O-O Nd7 11.f4 b5 12.a3 Bb7 13.Rae1 h5 14.Qh3 Ne7 15.Nd1 Rc8 16.Kh1 Qb8
17.Na5 Ba8 18.Bb4 e5 19.c4 exf4 20.cxb5 Ne5 21.Rxf4 Nxd3 22.Qxd3 Be5 23.Rff1 Qxb5
24.Qf3 O-O 25.Nc3 Bxc3 26.bxc3 Rcd8 27.c4 Qe5 28.Bc3 Qc5 29.Qg3 Ng6 30.Rf5 h4
31.Qd3 Qc7 32.Qd4 f6 33.Rh5 Rfe8 34.Nb3 Qd7 35.Qd1 Rxe4 36.Rxe4 Bxe4 37.Bb4 h3
38.Nd4 hxg2+ 39.Kg1 Nf4  0-1

[Event "TCh-HUN 2012-13"]
[Site "Kecskemet HUN"]
[Date "2013.02.17"]
[Round "7"]
[White "To,N"]
[Black "Tesik,C"]
[Result "0-1"]
[WhiteElo "2282"]
[BlackElo "2366"]

1.e4 c5 2.Nf3 e6 3.d4 cxd4 4.Nxd4 a6 5.Bd3 Bc5 6.Nb3 Be7 7.Qg4 g6 8.Qe2 d6
9.Be3 Nf6 10.N1d2 O-O 11.O-O-O e5 12.h3 b5 13.g4 Be6 14.f4 exf4 15.Bxf4 Nc6
16.Kb1 Nd7 17.Nf3 Qc7 18.Nbd4 Nxd4 19.Nxd4 Bf6 20.c3 Be5 21.Nxe6 fxe6 22.Be3 Rab8
23.a3 Qc6 24.Bh6 Rfe8 25.Rhf1 a5 26.Rc1 Nc5 27.Qf3 Qd7 28.Rc2 Bg7 29.Bd2 Nb3
30.Be1 b4 31.cxb4 axb4 32.axb4 Qa7 33.Ba6 Qxa6 34.Qf7+ Kh8 35.Rc7 Qd3+ 36.Ka2 Ra8+  0-1

[Event "ch-ROU 2013"]
[Site "Baile Olanesti ROU"]
[Date "2013.02.18"]
[Round "4.9"]
[White "Nevednichy,V"]
[Black "Stegariu,V"]
[Result "1-0"]
[WhiteElo "2542"]
[BlackElo "2201"]

1.e4 c5 2.Nf3 e6 3.d4 cxd4 4.Nxd4 a6 5.Bd3 Qc7 6.O-O Nf6 7.Qe2 d6 8.f4 Nc6
9.Nxc6 bxc6 10.c4 Be7 11.Nc3 O-O 12.Bd2 d5 13.e5 Nd7 14.Rac1 Qb6+ 15.Kh1 Qxb2
16.cxd5 cxd5 17.Rb1 Qa3 18.Rb3 Qc5 19.Nxd5 Qxd5 20.Be4 Qxb3 21.axb3 Rb8 22.f5 exf5
23.Bxf5 Nc5 24.Bxc8 Rfxc8 25.b4 Nb3 26.Be1 Bxb4 27.e6 f6 28.Bxb4 Rxb4 29.e7 Rbb8
30.Qe6+ Kh8 31.Rd1 Nd4 32.Qd7 Re8 33.h4 Nc6 34.Qxc6 Rxe7 35.Qxa6 h6 36.Kh2 Rbe8
37.Rd4 Kg8 38.Qc4+ Kh8 39.Qd3 Kg8 40.g3 Kh8 41.Kh3 Kg8 42.Kg4 Kh8 43.Rd8 Kg8
44.Rxe8+ Rxe8 45.Kh5 Kf7 46.Qb3+ Re6 47.g4 g5 48.Kxh6 gxh4 49.Kh7 h3 50.Qxh3 Re4
51.Qb3+  1-0

[Event "e2e4 Brighton Masters 2013"]
[Site "Brighton ENG"]
[Date "2013.02.18"]
[Round "4"]
[White "Burrows,M"]
[Black "Jackson,J"]
[Result "0-1"]
[WhiteElo "2147"]
[BlackElo "2233"]

1.e4 c5 2.Nf3 e6 3.d4 cxd4 4.Nxd4 a6 5.Bd3 Bc5 6.Nb3 Be7 7.Qg4 g6 8.Qe2 d6
9.c4 Qc7 10.Nc3 Bf6 11.O-O Bg7 12.f4 Nc6 13.Be3 Nf6 14.Rac1 O-O 15.g4 Nd7
16.g5 f5 17.exf5 gxf5 18.Qh5 Nc5 19.Nxc5 dxc5 20.Rf3 Bd4 21.Bxd4 Nxd4 22.Rf2 Bd7
23.Ne2 Nxe2+ 24.Qxe2 Rae8 25.Re1 Bc6 26.Qe3 Qd6 27.Bf1 Be4 28.Bg2 Bxg2 29.Rxg2 Rf7
30.Rd2 Qc6 31.h4 Rd7 32.Rxd7 Qxd7 33.Kf2 e5 34.Qxc5 Qd2+ 35.Re2 Qxf4+ 36.Kg2 Qxh4
37.Kg1 Rd8 38.Qxe5 Rd1+ 39.Kg2 Qg4+ 40.Kh2 Qg1+ 41.Kh3 Rd3+  0-1

[Event "US Amateur Team East 2013"]
[Site "Parsippany USA"]
[Date "2013.02.18"]
[Round "5"]
[White "West,James"]
[Black "Ventura,C"]
[Result "1/2-1/2"]
[WhiteElo "2107"]
[BlackElo "2042"]

1.e4 c5 2.Nf3 e6 3.d4 cxd4 4.Nxd4 a6 5.Bd3 Bc5 6.Nb3 Be7 7.O-O d6 8.c4 Nf6
9.Nc3 b6 10.Be3 Bb7 11.f3 Nbd7 12.Rc1 O-O 13.Nd4 Rc8 14.b3 Re8 15.Qd2 Qc7
16.Rfd1 Qb8 17.Bf1 Bf8 18.Qf2 Red8 19.g3 Ba8 20.Bh3 Kh8 21.g4 Ne8 22.g5 Nc7
23.a4 Be7 24.f4 Nc5 25.Bg2 g6 26.b4 Nd7 27.Qb2 e5 28.Nde2 Ne6 29.Nd5 Bxd5
30.cxd5 Ng7 31.Bh3 Rxc1 32.Rxc1 b5 33.Bxd7 Rxd7 34.axb5 Qxb5 35.Rc8+ Rd8
36.Rxd8+ Bxd8 37.fxe5 dxe5 38.Ng3 Bb6 39.Bxb6 Qxb6+ 40.Kg2 Qd6 41.Qc3 Qb8
42.Qc5 Kg8 43.h4 Ne8 44.Qc6 Nd6 45.Qc3  1/2-1/2

[Event "US Amateur Team East 2013"]
[Site "Parsippany USA"]
[Date "2013.02.18"]
[Round "6"]
[White "Samuelson,A"]
[Black "Barnett,A"]
[Result "1-0"]
[WhiteElo "2188"]
[BlackElo "2214"]

1.e4 c5 2.Nf3 e6 3.d4 cxd4 4.Nxd4 a6 5.Bd3 Nf6 6.Nc3 d6 7.a4 b6 8.O-O Bb7
9.f4 Be7 10.Be3 Nbd7 11.Qf3 Qc7 12.Rae1 Nc5 13.f5 e5 14.Nb3 Nfd7 15.Nd2 Rc8
16.Qg3 Bf6 17.Bg5 Qd8 18.Bxf6 Qxf6 19.Nc4 O-O 20.Ne3 Kh8 21.Ned5 Qd8 22.Rf3 Nf6
23.Nxf6 Qxf6 24.Qg4 Rfd8 25.Rh3 d5 26.Qh5 h6 27.exd5 Bxd5 28.Nxd5 Rxd5 29.Bc4 Rd7
30.b3 Kg8 31.Qg6 Nxa4 32.Qxf6 gxf6 33.Bxa6  1-0

[Event "ch-ROU 2013"]
[Site "Baile Olanesti ROU"]
[Date "2013.02.20"]
[Round "6.5"]
[White "Milu,R"]
[Black "Balla,Ta"]
[Result "1/2-1/2"]
[WhiteElo "2392"]
[BlackElo "2366"]

1.e4 c5 2.Nf3 e6 3.d4 cxd4 4.Nxd4 a6 5.Bd3 Bc5 6.Nb3 Be7 7.Qg4 Bf6 8.O-O Nc6
9.f4 d6 10.Nc3 Nb4 11.Be3 Nxd3  1/2-1/2

[Event "Moscow Gov Cup A Rapid"]
[Site "Moscow RUS"]
[Date "2013.02.20"]
[Round "7.17"]
[White "Denisov,Sergei"]
[Black "Derguzov,V"]
[Result "1-0"]
[WhiteElo "2180"]
[BlackElo "2075"]

1.e4 c5 2.Nf3 e6 3.d4 cxd4 4.Nxd4 a6 5.Bd3 Qc7 6.O-O Nf6 7.Kh1 d6 8.f4 Be7
9.Qe1 Nbd7 10.c3 b6 11.Nd2 Bb7 12.Bc2 O-O 13.N2f3 Nc5 14.e5 Ne8 15.f5 dxe5
16.Nxe5 Bf6 17.Bf4 Qd8 18.Rd1 Qc8 19.b4 Bxe5 20.Bxe5 Nd7 21.fxe6 Nxe5 22.e7 Bxg2+
23.Kxg2  1-0

[Event "ch-ROU 2013"]
[Site "Baile Olanesti ROU"]
[Date "2013.02.21"]
[Round "8.5"]
[White "Berescu,A"]
[Black "Balla,Ta"]
[Result "1-0"]
[WhiteElo "2495"]
[BlackElo "2366"]

1.e4 c5 2.Nf3 e6 3.d4 cxd4 4.Nxd4 a6 5.Bd3 Bc5 6.Nb3 Be7 7.Qg4 Bf6 8.N1d2 Nc6
9.f4 d6 10.Qe2 Nb4 11.Nf3 Bd7 12.O-O Rc8 13.e5 Be7 14.f5 Nxd3 15.cxd3 dxe5
16.Nxe5 Nf6 17.Bg5 Ba4 18.fxe6 O-O 19.exf7+ Kh8 20.Rf4 Bxb3 21.axb3 Qb6+
22.Kh1 Qxb3 23.Rh4  1-0

[Event "VI Karkonosze Open A"]
[Site "Karpacz POL"]
[Date "2013.02.21"]
[Round "6.5"]
[White "Kucza,Karol"]
[Black "Szotkowski,J"]
[Result "0-1"]
[WhiteElo "1860"]
[BlackElo "2144"]

1.e4 c5 2.Nf3 e6 3.d4 cxd4 4.Nxd4 a6 5.Bd3 Nf6 6.O-O d6 7.c4 Bd7 8.Nc3 Nc6
9.Nc2 Rc8 10.b3 Be7 11.Bb2 O-O 12.f4 Qc7 13.Kh1 Qb8 14.Qe2 Be8 15.Nd5 exd5
16.exd5 Qc7 17.dxc6 Bxc6 18.Nd4 Rce8 19.Nf5 Bd8 20.Qd1 Re6 21.Nxg7 Kxg7 22.Qg4+ Kh8
23.Qh4 Bxg2+ 24.Kxg2 Rg8+ 25.Qg5 Rxg5+ 26.fxg5 Qc6+ 27.Rf3 Re3 28.Rf1 Rxd3  0-1

[Event "33rd TCh-IND 2013"]
[Site "Hyderabad IND"]
[Date "2013.02.25"]
[Round "8.5"]
[White "Vignesh,NR"]
[Black "Amitpal,S"]
[Result "1-0"]
[WhiteElo "2236"]
[BlackElo "2195"]

1.e4 c5 2.Nf3 e6 3.d4 cxd4 4.Nxd4 a6 5.Bd3 Nf6 6.O-O d6 7.Qe2 Qc7 8.c4 b6
9.Nc3 Be7 10.Be3 Bb7 11.Rac1 Nbd7 12.f3 O-O 13.Rfd1 Rac8 14.Qf2 Qb8 15.Bf1 Rfe8
16.a3 Bd8 17.b4 Ne5 18.Nb3 d5 19.exd5 exd5 20.Nxd5 Bxd5 21.cxd5 Neg4 22.fxg4 Nxg4
23.Bf4 Rxc1 24.Rxc1 Nxf2 25.Bxb8 Bg5 26.Kxf2 Bxc1 27.Nxc1 Rxb8 28.Bxa6  1-0

[Event "Zagreb Open A 2013"]
[Site "Zagreb CRO"]
[Date "2013.03.02"]
[Round "6.7"]
[White "Plenca,J"]
[Black "Sulava,N"]
[Result "1-0"]
[WhiteElo "2353"]
[BlackElo "2481"]

1.e4 c5 2.Nf3 e6 3.d4 cxd4 4.Nxd4 a6 5.Bd3 Nf6 6.O-O Qc7 7.Qe2 d6 8.c4 g6
9.Bg5 Bg7 10.Nc3 O-O 11.Rac1 Nbd7 12.Kh1 b6 13.f4 Bb7 14.Nf3 Rae8 15.b4 Kh8
16.Qf2 Ng4 17.Qh4 f5 18.Be7 Bf6 19.Bxf6+ Ndxf6 20.Ng5 Kg7 21.Rce1 h6 22.exf5 hxg5
23.fxg5 exf5 24.gxf6+ Nxf6 25.Qg5 Kf7 26.Bxf5 gxf5 27.Qxf5 Kg8 28.Rxe8 Rxe8
29.Qxf6 Qg7 30.Qf2 Re6 31.Nd5  1-0

[Event "3rd Ferdynand Dziedzica Mem"]
[Site "Trzcianka POL"]
[Date "2013.03.03"]
[Round "5.5"]
[White "Przybylski,W"]
[Black "Dragun,K"]
[Result "0-1"]
[WhiteElo "2327"]
[BlackElo "2492"]

1.e4 c5 2.Nf3 e6 3.d4 cxd4 4.Nxd4 a6 5.Bd3 Qc7 6.O-O Nf6 7.Nc3 Be7 8.Be3 d6
9.f4 Nbd7 10.a4 b6 11.Qe2 Bb7 12.Rae1 Nc5 13.Bd2 O-O 14.f5 e5 15.Nf3 Rfe8
16.b4 Nxd3 17.cxd3 d5 18.Nxd5 Nxd5 19.exd5 Bxd5 20.Qxe5 Bc5+ 21.bxc5 Rxe5
22.Nxe5 Qxc5+ 23.Be3 Qb4 24.Nd7 Qg4 25.Rf2 Re8 26.Nxb6 Bc6 27.Nc4 h6 28.f6 g5
29.Nd6 Re6 30.Nf5 Kh7 31.h3 Qxa4 32.Ne7 Qb5 33.Nxc6 Qxc6 34.Rfe2 Qd6 35.Bf2 Rxe2
36.Rxe2 Qxf6 37.Re4 a5 38.Bd4 Qd6 39.g4 Qg3+ 40.Kf1 Qxd3+  0-1

[Event "3rd Ferdynand Dziedzica Mem"]
[Site "Trzcianka POL"]
[Date "2013.03.03"]
[Round "6.3"]
[White "Dragun,K"]
[Black "Olszewski,Mi"]
[Result "0-1"]
[WhiteElo "2492"]
[BlackElo "2533"]

1.e4 c5 2.Nf3 e6 3.d4 cxd4 4.Nxd4 a6 5.Bd3 Bc5 6.Nb3 Be7 7.Be3 Nc6 8.f4 Nf6
9.Nc3 d6 10.Qf3 Qc7 11.g4 Nd7 12.O-O-O b5 13.Kb1 Nb6 14.g5 Na4 15.Ne2 Bd7
16.Ned4 Rc8 17.Nxc6 Bxc6 18.f5 exf5 19.Qxf5 O-O 20.h4 Bd7 21.Qf3 a5 22.h5 Nxb2
23.Kxb2 a4 24.Nd4 Qc3+ 25.Kc1 d5 26.Kb1 a3 27.Bc1 Qxd4 28.Be2 Qa4 29.Qb3 Rfd8
30.Rxd5 Qxb3+ 31.cxb3 Bc6 32.Rxd8+ Rxd8 33.Bf3 Rd3 34.Bg2 Rg3 35.Rh2 Rxg2
36.Rxg2 Bxe4+ 37.Rc2 f5 38.gxf6 gxf6 39.Bf4 Kf7 40.Kc1 Bxc2 41.Kxc2 Ke6 42.Kd3 Kf5
43.Bd2 Kg4 44.Ke4 f5+ 45.Ke5 Bd8 46.h6 f4 47.Bxf4 Bc7+ 48.Kf6 Bxf4 49.Kg7 Kf5
50.Kxh7 Ke4 51.Kg6 Bxh6  0-1

[Event "3rd Ferdynand Dziedzica Mem"]
[Site "Trzcianka POL"]
[Date "2013.03.03"]
[Round "8.6"]
[White "Tomczak,J"]
[Black "Olszewski,Mi"]
[Result "1-0"]
[WhiteElo "2564"]
[BlackElo "2533"]

1.e4 c5 2.Nf3 e6 3.d4 cxd4 4.Nxd4 a6 5.Bd3 Bc5 6.Nb3 Be7 7.Qg4 g6 8.Qe2 d6
9.O-O Nc6 10.f4 Qc7 11.Be3 Nf6 12.N1d2 b6 13.a4 O-O 14.g4 Nb4 15.g5 Nd7 16.f5 Ne5
17.f6 Bd8 18.Rf4 d5 19.Rh4 Nexd3 20.cxd3 e5 21.Rh6 Qd7 22.h3 dxe4 23.Qf2 Qxd3
24.Re1 Nc2 25.Rxh7 Bxf6 26.gxf6 Kxh7 27.Qh4+ Kg8 28.Qh6  1-0